00523ntaaa2200169 45000030003000000050017000030080021000200400037000410820017000781000019000952450026001142500052001403000011001925000116002036500023003196500011003420120251027201457.00714s1973 ag 01  aAR-BaBNbspacAR-BaBNeaacrdRIC a226.6000 M83 aMorrow, R. C.  aEstudio de los Hechos a1 ed. : bCasa de Publicaciones El Faro, c1950 a131 p. a(Biblioteca de Estudio Bíblico, tomo 8) Para el uso de las Sociedades Femeniles de la Iglesia Presbiteriana. aBiblia-N.T.-Hechos aHechos